Надеясь на лучшее, не надо терять уже достигнутого; Нефть России; № 4

Bibliografske podrobnosti
Parent link:Нефть России: аналитический журнал.— , 1996, 1999-2012
№ 4.— 2003.— С. 10
Glavni avtor: Нещадин А. Андрей
Jezik:ruščina
Izdano: 2003
Serija:Анализ и прогноз
Teme:
Format: Book Chapter
KOHA link:https://koha.lib.tpu.ru/cgi-bin/koha/opac-detail.pl?biblionumber=385835

MARC

LEADER 00000naa2a2200000 4500
001 385835
005 20231101063415.0
035 |a (RuTPU)RU\TPU\prd\14024 
090 |a 385835 
100 |a 20030521a2003 k y0rusy50 ca 
101 0 |a rus 
102 |a RU 
200 1 |a Надеясь на лучшее, не надо терять уже достигнутого  |f А. Нещадин 
225 1 |a Анализ и прогноз 
461 1 |0 (RuTPU)RU\TPU\prd\1610  |t Нефть России  |o аналитический журнал  |d 1996, 1999-2012 
463 1 |0 (RuTPU)RU\TPU\prd\13378  |t № 4  |v С. 10  |d 2003 
610 1 |a социально-экономическая политика 
610 1 |a комментарии 
610 1 |a анализ 
610 1 |a программы 
700 1 |a Нещадин  |b А.  |g Андрей 
801 1 |a RU  |b 63413507  |c 20030521  |g PSBO 
801 2 |a RU  |b 63413507  |c 20130801  |g RCR 
942 |c BK